Complex Project Contract (Record no. 115482)

MARC details
000 -LEADER
fixed length control field 00965cam a22002175a 4500
001 - CONTROL NUMBER
control field L158729
008 - FIXED-LENGTH DATA ELEMENTS--GENERAL INFORMATION
fixed length control field 150429s2013 xxk f 000 0 eng d
035 ## - SYSTEM CONTROL NUMBER
System control number (Sirsi) u158729
041 ## - LANGUAGE CODE
Language code of text/sound track or separate title eng
110 ## - MAIN ENTRY--CORPORATE NAME
Corporate name or jurisdiction name as entry element Chartered Institute of Building
9 (RLIN) 2134
245 ## - TITLE STATEMENT
Title Complex Project Contract
Remainder of title General index
Medium [electronic resource]
260 ## - PUBLICATION, DISTRIBUTION, ETC.
Place of publication, distribution, etc. Ascot
Name of publisher, distributor, etc. CIOB
Date of publication, distribution, etc. 2013
300 ## - PHYSICAL DESCRIPTION
Extent 46p.
520 ## - SUMMARY, ETC.
Summary, etc. The general index contains 46 pages of cross-references. It is the index to all Documents 1-4 and is only available in electronic format for download. Once downloaded, it can be printed or held on computer for electronic searching, as desired.
520 ## - SUMMARY, ETC.
Summary, etc. Forms part of Contract for Complex Projects http://www.ciob.org/insight/contract-complex-projects
650 ## - SUBJECT ADDED ENTRY--TOPICAL TERM
Topical term or geographic name entry element general index
651 #4 - SUBJECT ADDED ENTRY--GEOGRAPHIC NAME
Geographic name ENGLAND AND WALES
690 ## - LOCAL SUBJECT ADDED ENTRY--TOPICAL TERM (OCLC, RLIN)
Topical term or geographic name as entry element BUILT ENVIRONMENT
856 40 - ELECTRONIC LOCATION AND ACCESS
Uniform Resource Identifier <a href="https://www.ciob.org/sites/default/files/cpc-index_0.pdf">https://www.ciob.org/sites/default/files/cpc-index_0.pdf</a>
Processor of request View this item at www.ciob.org
942 ## - ADDED ENTRY ELEMENTS (KOHA)
Suppress in OPAC 0
Holdings
Withdrawn status Lost status Source of classification or shelving scheme Damaged status Not for loan Home library Current library Shelving location Date acquired Total Checkouts Full call number Barcode Date last seen Copy number Price effective from Koha item type
    Dewey Decimal Classification     Virtual Virtual Online 02/07/2015   ONLINE PUBLICATION 158729-2001 06/08/2019 1 06/08/2019 Book